| Tag |
First Indicator |
Second Indicator |
Subfields |
| LEADER |
00000cam a2200000 4500 |
| 001 |
in00000070736 |
| 005 |
20151008061901.0 |
| 008 |
750708s1949 mau 00010 eng |
| 010 |
|
|
|a 49048030
|
| 035 |
|
|
|a (OCoLC)01435965
|
| 035 |
|
|
|9 AAJ9051AM
|
| 040 |
|
|
|a DLC
|c JPL
|d SER
|d m.c.
|d TXA
|d UtOrBLW
|
| 049 |
|
|
|a TXAM
|c 1 [479790], 2 [1501347]
|
| 050 |
0 |
0 |
|a BD161
|b D38 1949a
|
| 082 |
0 |
|
|a 121
|
| 100 |
1 |
|
|a Dewey, John,
|d 1859-1952.
|
| 245 |
1 |
0 |
|a Knowing and the known /
|c [by] John Dewey and Arthur F. Bentley.
|
| 264 |
|
1 |
|a Boston :
|b Beacon Press,
|c [1949]
|
| 264 |
|
4 |
|c [©1949]
|
| 300 |
|
|
|a xiii, 334 pages ;
|c 23 cm.
|
| 336 |
|
|
|a text
|b txt
|2 rdacontent
|
| 337 |
|
|
|a unmediated
|b n
|2 rdamedia
|
| 338 |
|
|
|a volume
|b nc
|2 rdacarrier
|
| 650 |
|
0 |
|a Knowledge, Theory of.
|
| 700 |
1 |
|
|a Bentley, Arthur F.
|q (Arthur Fisher),
|d 1870-1957.
|
| 999 |
|
|
|a MARS
|
| 999 |
f |
f |
|s a7e231c3-d02f-3299-959d-9e2e0d883f6f
|i 7bb16786-1452-344b-a1a1-bf9cd4ec5fad
|t 0
|
| 952 |
f |
f |
|p normal
|a Texas A&M University
|b College Station
|c Sterling C. Evans Library
|d Evans: Library Stacks
|t 0
|e BD161 D38 1949a
|h Library of Congress classification
|i unmediated -- volume
|m A14806085592
|
| 998 |
f |
f |
|a BD161 D38 1949a
|t 0
|l Evans: Library Stacks
|